000 00425nam a2200181Ia 4500
005 20250423101301.0
008 250422s9999 xx 000 0 und d
020 _a8120417062
050 _aJA 81 .S23/
100 _aSabin, George H.
245 4 _aThe history of political theory
250 _a4th ed.
260 _aNew Delhi
260 _bOxford & IBH Publishing
260 _c1973
300 _a871 p
942 _cBK
999 _c35849
_d35849